Country 4 to 5 Letters - Statistics

General Stats
  • This quiz has been taken 48 times
    28 since last reset
  • The average score is 26 of 34
Answers on the Map
Answers color-coded by a green-red scale on the quiz's map according to % correct below.
 
Answer Stats
5 Letters % Correct
Chad
92%
Japan
92%
Chile
88%
Cuba
88%
India
88%
Iran
88%
Iraq
88%
Togo
88%
China
85%
Oman
85%
Peru
85%
Sudan
85%
Egypt
81%
Haiti
81%
Mali
81%
Niger
81%
Yemen
81%
Laos
77%
Libya
77%
Nepal
77%
Spain
77%
Ghana
73%
Italy
73%
Qatar
73%
Samoa
73%
Tonga
73%
Benin
69%
Fiji
69%
Gabon
69%
Palau
69%
Kenya
62%
Nauru
62%
Malta
58%
Syria
50%
No matching quizzes found
Score Distribution
Percent of People with Each Score
Percentile by Number Answered
Your Score History
You have not taken this quiz since the last reset